|
|
|
|
| LEADER |
00000nam a2200000 a 4500 |
| 001 |
vtls001280769 |
| 003 |
SK-MaSNL |
| 005 |
20260301234815.0 |
| 008 |
240314s1982 xo 0 slo |
| 020 |
|
|
|c b.c.
|
| 035 |
|
|
|a SNK000232162
|
| 040 |
|
|
|a SNK
|b slo
|c SNK
|e AACR2
|
| 041 |
0 |
|
|a slo
|
| 044 |
|
|
|a xo
|c SK
|
| 080 |
|
|
|a 331.225:63
|2 1981
|
| 100 |
1 |
|
|a Pekár, Jozef
|4 aut
|9 396080
|
| 245 |
1 |
0 |
|a Skúsenosti z uplatňovania niektorých progresívnych foriem odmeňovania v poľnohospodárstve
|c autor: Jozef Pekár
|
| 260 |
|
|
|a Bratislava
|b Slovenský výbor zväzu družstevných roľníkov a ROH
|c 1982
|
| 300 |
|
|
|a 54 s., 17 s. príl. s rôznym stránkovaním
|c 26 cm
|
| 650 |
0 |
7 |
|a poľnohospodárstvo
|x odmeňovanie
|x štúdie
|2 SNK
|9 631260
|
| 958 |
|
|
|a OND
|
| 999 |
|
|
|c 971978
|d 973908
|
| 952 |
|
|
|t P60, <03>, [BOOK], {603}
|a SNK
|b SNK
|y PREZ
|7 0
|p 17A0055242
|o snkSB 56774
|i snkD 338/97
|0 0
|1 0
|4 0
|d 1997-03-20
|f 1
|l 0
|r 2025-04-02 00:00:00
|w 2026-02-24
|